书目信息 |
| 题名: |
低压电器标准汇编
|
|
| 作者: | 中国标准出版社编 | |
| 分册: | 低压熔断器卷 | |
| 出版信息: | 北京 中国标准出版社 2007.03 |
|
| 页数: | 253页 | |
| 开本: | 30cm | |
| 丛书名: | ||
| 单 册: | ||
| 中图分类: | TM52-65 | |
| 科图分类: | ||
| 主题词: | 低压电器--di ya dian qi--国家标准--中国--汇编 , 熔断器--rong duan qi--国家标准--中国--汇编 | |
| 电子资源: | ||
| ISBN: | 978-7-5066-4403-7 | |
| 000 | 00880nam0 2200241 450 | |
| 001 | 012008758231 | |
| 005 | 20080902140541.81 | |
| 010 | @a978-7-5066-4403-7@dCNY70.00 | |
| 100 | @a20080902d2007 em y0chiy0120 ea | |
| 101 | 0 | @achi |
| 102 | @aCN@b110000 | |
| 105 | @aak l 000yy | |
| 106 | @ar | |
| 200 | 1 | @a低压电器标准汇编@Adi ya dian qi biao zhun hui bian@i低压熔断器卷@f中国标准出版社编@Fzhong guo biao zhun chu ban she bian |
| 210 | @a北京@c中国标准出版社@d2007.03 | |
| 215 | @a253页@c图@d30cm | |
| 330 | @a本卷共收入截止2006年底前发布实施的低压熔断器方面的国家标准7项,收入的标准均为现行有效的国家标准。 | |
| 517 | 1 | @a低压熔断器卷@Adi ya rong duan qi juan |
| 606 | 0 | @a低压电器@Adi ya dian qi@x国家标准@y中国@j汇编 |
| 606 | 0 | @a熔断器@Arong duan qi@x国家标准@y中国@j汇编 |
| 690 | @aTM52-65@v4 | |
| 801 | 0 | @aCN@bQSSK@c20080902 |
| 905 | @b735379@dTM52-65@eZ552@f1 | |
| 低压电器标准汇编.低压熔断器卷/中国标准出版社编.-北京:中国标准出版社,2007.03 |
| 253页:图;30cm |
| ISBN 978-7-5066-4403-7:CNY70.00 |
| 本卷共收入截止2006年底前发布实施的低压熔断器方面的国家标准7项,收入的标准均为现行有效的国家标准。 |
| ● |
| 相关链接 |
|
|
|
正题名:低压电器标准汇编
索取号:TM52-65/Z552
 
预约/预借
| 序号 | 登录号 | 条形码 | 馆藏地/架位号 | 状态 | 备注 |
| 1 | 735379 | 207353790 | 自科库301/301自科库 12排4列4层/ [索取号:TM52-65/Z552] | 在馆 |